Ładuje się......

Analysis for strategic marketing

Opis bibliograficzny
1. autor: Rao, Vithala R.
Kolejni autorzy: Steckel, Joel H.
Język:English
Wydane: New Delhi Pearson education 2008
Hasła przedmiotowe:
LEADER 00682nam a22001937a 4500
005 20151215130415.0
008 091102t xxu||||| |||| 00| 0 eng d
020 |a 9788131701607 
082 |a 658.802  |b RAO 
100 |a Rao, Vithala R.  |9 6790 
245 |a Analysis for strategic marketing 
260 |a New Delhi  |b Pearson education  |c 2008 
300 |a xiii, 514p. 
500 |a Includes index 
653 |a Marketing  |a Strategic marketing  |a Market segmentation  |a Market forecasting 
700 |a Steckel, Joel H.  |9 6789 
942 |c BB  |6 _ 
999 |c 116318  |d 116318 
952 |0 0  |1 0  |2 ddc  |4 0  |6 658802_RAO  |7 0  |9 150602  |a SMS  |b SMS  |c BB  |d 2012-06-26  |g 550.00  |o 658.802 RAO  |p SMSBB0681  |r 2012-06-26  |w 2012-06-26  |y BB